<?xml version="1.0" encoding="UTF-8"?><?xml-stylesheet type="text/xsl" href="static/style.xsl"?><OAI-PMH xmlns="http://www.openarchives.org/OAI/2.0/" xmlns:xsi="http://www.w3.org/2001/XMLSchema-instance" xsi:schemaLocation="http://www.openarchives.org/OAI/2.0/ http://www.openarchives.org/OAI/2.0/OAI-PMH.xsd"><responseDate>2026-06-05T14:20:48Z</responseDate><request verb="GetRecord" identifier="oai:riuma.uma.es:10630/16861" metadataPrefix="marc">https://riuma.uma.es/rest/oai/request</request><GetRecord><record><header><identifier>oai:riuma.uma.es:10630/16861</identifier><datestamp>2026-02-03T11:58:29Z</datestamp><setSpec>com_10630_2254</setSpec><setSpec>col_10630_37959</setSpec></header><metadata><record xmlns="http://www.loc.gov/MARC21/slim" xmlns:dcterms="http://purl.org/dc/terms/" xmlns:doc="http://www.lyncode.com/xoai" xmlns:xsi="http://www.w3.org/2001/XMLSchema-instance" xsi:schemaLocation="http://www.loc.gov/MARC21/slim http://www.loc.gov/standards/marcxml/schema/MARC21slim.xsd">
   <leader>00925njm 22002777a 4500</leader>
   <datafield ind2=" " ind1=" " tag="042">
      <subfield code="a">dc</subfield>
   </datafield>
   <datafield ind2=" " ind1=" " tag="720">
      <subfield code="a">Romero-Ruiz, María Isabel</subfield>
      <subfield code="e">author</subfield>
   </datafield>
   <datafield ind2=" " ind1=" " tag="260">
      <subfield code="c">2018-11-12</subfield>
   </datafield>
   <datafield ind2=" " ind1=" " tag="520">
      <subfield code="a">The aim of this round table is to present an overview of the aims, research topics and theoretical framework of the new project “Bodies in Transit 2:  Genders, Mobilities, and Interdependencies”. This project has connections with the previous one, “Bodies in Transit: from Conflict to Healing” in its focus on embodiment, and on how bodies are historically transformed through social relations and their technologies from feminist, queer, and posthuman theoretical approaches, but departs from it by shifting the focus from violence and healing to the body and its metamorphoses within a wider network of human and non-human actions. Rather than approaching the topic in discontinuous units, ie. one isolated example of conflict (with ensuing trauma and healing process if any) in its contemporary literary rendering, we aim to look at bodies as immersed in ever-widening circles of relations and interdependences with other natural and/or social formations. This general topic comprises four specific concepts that will be addressed in four work packages: Embodiments, Mobilities, Interdependencies, and Accountability.</subfield>
   </datafield>
   <datafield ind1="8" ind2=" " tag="024">
      <subfield code="a">https://hdl.handle.net/10630/16861</subfield>
   </datafield>
   <datafield tag="653" ind2=" " ind1=" ">
      <subfield code="a">Feminismo</subfield>
   </datafield>
   <datafield ind2="0" ind1="0" tag="245">
      <subfield code="a">Genders, mobilities, and interdependencies: the aims and theoretical background of bodies in transit</subfield>
   </datafield>
</record>
</metadata></record></GetRecord></OAI-PMH>